[Event "Hradec Kralove op 13th"]
[Site "Hradec Kralove"]
[Date "2023.11.06"]
[Round "3"]
[White "Berka, Lubos"]
[Black "Tavernier, Loris"]
[Result "0-1"]
[WhiteElo "1684"]
[BlackElo "1922"]
[PlyCount "106"]
[EventDate "2023.11.04"]
[EventType "swiss"]
[EventRounds "9"]
[EventCountry "CZE"]
[SourceTitle "CB46_2023"]
[SourceDate "2023.11.15"]
[SourceVersion "1"]
[SourceVersionDate "2023.11.15"]
[SourceQuality "1"]

1. e4 c6 2. d4 d5 3. exd5 cxd5 4. Bd3 Nf6 5. c3 Bg4 6. Qb3 Qd7 7. Bf4 Nc6 8. Nd2 e6 9. Ngf3 a6 10. 0-0 Be7 11. Rfe1 0-0 12. Qc2 Bh5 13. Ne5 Qc8 14. Ndf3 Bg6 15. Bxg6 hxg6 16. Bg5 Qc7 17. Nxg6 fxg6 18. Qxg6 Nd8 19. Bh6 Ne8 20. Bg5 Bf6 21. Ne5 Bxe5 22. Rxe5 Qf7 23. Qc2 Nc6 24. Re3 Nd6 25. Rae1 Rae8 26. Rh3 Qf5 27. Qxf5 exf5 28. Rxe8 Rxe8 29. Kf1 Kf7 30. Rf3 Ne4 31. h4 Kg6 32. Bc1 Rh8 33. g3 b5 34. Re3 Rc8 35. Kg2 b4 36. f3 Nf6 37. Re6 bxc3 38. bxc3 Nxd4 39. cxd4 Rxc1 40. Rxa6 Rc2+ 41. Kh3 Rf2 42. a4 Kh5 43. Ra8 Rxf3 44. Rh8+ Kg6 45. Kg2 Ra3 46. Ra8 Ne4 47. a5 Rxg3+ 48. Kf1 f4 49. Rf8 Nf6 50. a6 Ra3 51. Ra8 Kf5 52. a7 Ra2 53. h5 Kg4 0-1

[Event "Pilsen Region-chT 2223"]
[Site "Czech Republic"]
[Date "2022.11.13"]
[Round "3.7"]
[White "Berka, Lubos"]
[Black "Zitek, Svatoslav"]
[Result "1/2-1/2"]
[WhiteElo "1688"]
[BlackElo "1904"]
[PlyCount "39"]
[EventDate "2022.10.09"]
[EventType "team-tourn"]
[EventRounds "11"]
[EventCountry "CZE"]
[SourceTitle "EXT 2024"]
[Source "ChessBase"]
[SourceDate "2023.10.10"]
[SourceVersion "1"]
[SourceVersionDate "2023.10.10"]
[SourceQuality "1"]
[WhiteTeam "Plzen Kosutka"]
[BlackTeam "Tachov"]
[WhiteTeamCountry "CZE"]
[BlackTeamCountry "CZE"]

1. e4 c5 2. Nc3 Nc6 3. g3 Nf6 4. Bg2 d6 5. d3 e6 6. Nge2 Be7 7. 0-0 0-0 8. h3 Bd7 9. f4 Rb8 10. g4 Ne8 11. Ng3 f5 12. exf5 exf5 13. g5 Nc7 14. Nd5 Nd4 15. Nxe7+ Qxe7 16. Re1 Qf7 17. c3 Nde6 18. Qb3 Bc6 19. Bh1 Bxh1 20. Kxh1 1/2-1/2

[Event "Pilsen Region-chT 2223"]
[Site "Czech Republic"]
[Date "2022.10.30"]
[Round "2.4"]
[White "Berka, Lubos"]
[Black "Kopriva, Martin"]
[Result "1/2-1/2"]
[WhiteElo "1688"]
[BlackElo "2121"]
[PlyCount "91"]
[EventDate "2022.10.09"]
[EventType "team-tourn"]
[EventRounds "11"]
[EventCountry "CZE"]
[SourceTitle "EXT 2024"]
[Source "ChessBase"]
[SourceDate "2023.10.10"]
[SourceVersion "1"]
[SourceVersionDate "2023.10.10"]
[SourceQuality "1"]
[WhiteTeam "Plzen Kosutka"]
[BlackTeam "Dvorec"]
[WhiteTeamCountry "CZE"]
[BlackTeamCountry "CZE"]

1. e4 c5 2. Nc3 d6 3. g3 Nc6 4. Bg2 g6 5. d3 Bg7 6. Nge2 e6 7. 0-0 Nge7 8. Bg5 h6 9. Be3 0-0 10. Qd2 Kh7 11. d4 cxd4 12. Nxd4 Ne5 13. Qe2 a6 14. f4 N5c6 15. Rad1 Qc7 16. Nxc6 bxc6 17. Qd2 Rd8 18. e5 Nd5 19. exd6 Qb8 20. Nxd5 exd5 21. Bd4 Bg4 22. Rde1 Qxd6 23. Bxg7 Kxg7 24. Qd4+ Kg8 25. Re3 Rab8 26. b3 c5 27. Qe5 Bf5 28. Qxd6 Rxd6 29. Re5 Rbd8 30. Rd1 Be6 31. Kf2 Kg7 32. Rde1 a5 33. Bf3 h5 34. Kg2 Rc8 35. h3 c4 36. g4 hxg4 37. hxg4 cxb3 38. cxb3 Rc2+ 39. R1e2 Rxe2+ 40. Rxe2 a4 41. Rd2 Rb6 42. bxa4 Rb4 43. Kg3 Rxa4 44. Bxd5 Bxd5 45. Rxd5 Rxa2 46. g5 1/2-1/2

[Event "Pilsen Region-chT 2223"]
[Site "Czech Republic"]
[Date "2022.10.09"]
[Round "1.7"]
[White "Berka, Lubos"]
[Black "Baumruk, Josef"]
[Result "0-1"]
[WhiteElo "1688"]
[BlackElo "1935"]
[PlyCount "38"]
[EventDate "2022.10.09"]
[EventType "team-tourn"]
[EventRounds "11"]
[EventCountry "CZE"]
[SourceTitle "EXT 2024"]
[Source "ChessBase"]
[SourceDate "2023.10.10"]
[SourceVersion "1"]
[SourceVersionDate "2023.10.10"]
[SourceQuality "1"]
[WhiteTeam "Plzen Kosutka"]
[BlackTeam "Plzen Letna"]
[WhiteTeamCountry "CZE"]
[BlackTeamCountry "CZE"]

1. e4 Nf6 2. Nc3 d5 3. exd5 Nxd5 4. Nxd5 Qxd5 5. Nf3 e5 6. d3 Nc6 7. Be2 Be6 8. 0-0 0-0-0 9. Ng5 h6 10. Bf3 Qd7 11. Nxe6 Qxe6 12. Bxc6 Qxc6 13. Qe2 Bd6 14. Be3 f5 15. f4 Rhe8 16. Qd2 g5 17. fxe5 Bxe5 18. Rxf5 Bxb2 19. Raf1 Rxe3 0-1

[Event "Plzen Calliditas op"]
[Site "Plzen"]
[Date "2020.08.27"]
[Round "6"]
[White "Kratochvilova, Magdalena"]
[Black "Berka, Lubos"]
[Result "1-0"]
[WhiteElo "1580"]
[BlackElo "1695"]
[PlyCount "69"]
[EventDate "2020.08.23"]
[EventType "swiss"]
[EventRounds "9"]
[EventCountry "CZE"]
[SourceTitle "CBM 198 Extra"]
[Source "ChessBase"]
[SourceDate "2020.11.30"]
[SourceVersion "1"]
[SourceVersionDate "2020.11.30"]
[SourceQuality "1"]

1. e4 c6 2. d4 d5 3. exd5 cxd5 4. c4 Nf6 5. Nc3 Nc6 6. Bg5 Qa5 7. Nf3 e6 8. a3 Ne4 9. Bd2 Nxd2 10. Qxd2 Bd7 11. Be2 Be7 12. 0-0 0-0 13. b4 Qc7 14. cxd5 Nd8 15. dxe6 Bxe6 16. Rac1 Qb6 17. d5 Bf5 18. Nd4 Bg6 19. Na4 Qd6 20. Nb5 Qe5 21. d6 Bf6 22. Nc5 Bf5 23. f4 Qb2 24. Qd1 a6 25. Na4 Bd4+ 26. Kh1 Qa2 27. Bc4 Qxg2+ 28. Kxg2 Be4+ 29. Kg3 Be3 30. Rc3 axb5 31. Bxb5 Ba7 32. d7 f5 33. Rc8 Rf6 34. h4 Be3 35. Qb3+ 1-0

[Event "Plzen Calliditas op"]
[Site "Plzen"]
[Date "2020.08.26"]
[Round "5"]
[White "Berka, Lubos"]
[Black "Roubal, Matyas"]
[Result "1-0"]
[WhiteElo "1695"]
[BlackElo "1471"]
[PlyCount "120"]
[EventDate "2020.08.23"]
[EventType "swiss"]
[EventRounds "9"]
[EventCountry "CZE"]
[SourceTitle "CBM 198 Extra"]
[Source "ChessBase"]
[SourceDate "2020.11.30"]
[SourceVersion "1"]
[SourceVersionDate "2020.11.30"]
[SourceQuality "1"]

1. e4 d5 2. exd5 Nf6 3. d4 Nxd5 4. c4 Nb6 5. Nf3 Bg4 6. Be2 e6 7. 0-0 Nc6 8. b3 Be7 9. h3 Bh5 10. Bb2 0-0 11. Nbd2 Qd7 12. Ne5 Nxe5 13. dxe5 Bxe2 14. Qxe2 Rad8 15. Ne4 Qc6 16. Qg4 Nd7 17. Nf6+ Bxf6 18. exf6 g6 19. Qh4 Kh8 20. Ba3 Rg8 21. Be7 Rde8 22. Rad1 e5 23. Qg5 Qe6 24. Rfe1 Rxe7 25. fxe7 f6 26. Qd2 Nb8 27. Qd8 Nc6 28. Qxc7 Qxe7 29. Rd7 Rg7 30. Rxe7 Rxe7 31. Qc8+ Kg7 32. Rd1 Nd4 33. Kf1 Kf7 34. Qc5 b6 35. Qd5+ Ne6 36. Rc1 Kg7 37. b4 a6 38. c5 b5 39. c6 Nc7 40. Qd8 Kf7 41. Rd1 Ne6 42. Qb6 Rc7 43. Rd7+ Rxd7 44. cxd7 Ke7 45. Qxa6 Kxd7 46. Qxb5+ Kd6 47. a4 Nd4 48. Qb6+ Kd5 49. a5 Kc4 50. a6 Nb5 51. a7 Nxa7 52. Qxa7 g5 53. Qf7+ Kxb4 54. Qxf6 e4 55. Qd6+ Kc3 56. Ke2 e3 57. Kxe3 g4 58. Qc6+ Kb3 59. Kd3 gxh3 60. Qb6+ Ka2 1-0

[Event "Plzen Calliditas op"]
[Site "Plzen"]
[Date "2020.08.25"]
[Round "3"]
[White "Berka, Lubos"]
[Black "Schubert, Gerhard"]
[Result "0-1"]
[WhiteElo "1695"]
[BlackElo "1976"]
[PlyCount "126"]
[EventDate "2020.08.23"]
[EventType "swiss"]
[EventRounds "9"]
[EventCountry "CZE"]
[SourceTitle "CBM 198 Extra"]
[Source "ChessBase"]
[SourceDate "2020.11.30"]
[SourceVersion "1"]
[SourceVersionDate "2020.11.30"]
[SourceQuality "1"]

1. e4 d6 2. d4 Nf6 3. Nc3 c6 4. Nf3 Bg4 5. Be2 e6 6. 0-0 d5 7. exd5 exd5 8. Re1 Be7 9. Ng5 Bf5 10. Bd3 Bxd3 11. Qxd3 0-0 12. Qh3 Bd6 13. Bd2 Qb6 14. Qh4 Qxb2 15. Rac1 Nbd7 16. Na4 Qa3 17. Re3 Qxa4 18. Rh3 Rfe8 19. Nxh7 Nxh7 20. Qxh7+ Kf8 21. Qh8+ Ke7 22. Re1+ Be5 23. Qxg7 Rg8 24. Bg5+ Kd6 25. dxe5+ Kc7 26. Qh6 Rg6 27. Qh4 Qxh4 28. Bxh4 Rh8 29. Ree3 Rg4 30. Be7 Rxh3 31. Bd6+ Kb6 32. Rxh3 c5 33. f4 Kc6 34. g3 f6 35. Rh6 fxe5 36. fxe5 Re4 37. Be7+ Kb5 38. e6 Ne5 39. Bd6 Nf3+ 40. Kf2 Nd4 41. e7 Nf5 42. Rf6 Nxe7 43. Bxe7 Rxe7 44. Rf4 d4 45. Rf3 c4 46. g4 d3 47. cxd3 c3 48. Rf4 Rh7 49. Kg3 Rd7 50. Rf1 Rxd3+ 51. Kf4 Rd2 52. Rc1 c2 53. h4 Kc4 54. h5 Kd3 55. h6 Rh2 56. Kg5 Kd2 57. Rxc2+ Kxc2 58. Kg6 Kd3 59. g5 Rxa2 60. h7 Rh2 61. Kg7 Ke4 62. g6 Kf5 63. Kf7 Rh6 0-1

[Event "Ceske Budejovice op-B"]
[Site "Ceske Budejovice"]
[Date "2020.07.07"]
[Round "7"]
[White "Kroulik, Vaclav"]
[Black "Berka, Lubos"]
[Result "0-1"]
[WhiteElo "1442"]
[BlackElo "1718"]
[PlyCount "82"]
[EventDate "2020.07.01"]
[EventType "swiss"]
[EventRounds "9"]
[EventCountry "CZE"]
[SourceTitle "CBM 197 Extra"]
[Source "ChessBase"]
[SourceDate "2020.09.30"]
[SourceVersion "1"]
[SourceVersionDate "2020.09.30"]
[SourceQuality "1"]

1. e4 c6 2. d4 d5 3. e5 Bf5 4. Nf3 e6 5. g3 Ne7 6. Bg2 Qb6 7. 0-0 Nd7 8. c3 c5 9. Qe2 cxd4 10. Nxd4 Nc5 11. Rd1 a6 12. Be3 Qc7 13. g4 Bg6 14. f4 Be4 15. Bxe4 Nxe4 16. Nd2 Nxd2 17. Bxd2 Nc6 18. Kh1 Bc5 19. Nb3 Bb6 20. Be3 0-0 21. Nc5 Na5 22. Nd7 Bxe3 23. Nxf8 Bxf4 24. Nxh7 Kxh7 25. Qd3+ Kg8 26. Rf1 Bxe5 27. Rf3 Rf8 28. Rh3 g6 29. Qd2 Bg7 30. Qf2 Qe7 31. Re1 Nc4 32. b3 Nd6 33. Qc2 Qg5 34. Qg2 Ne4 35. c4 Bd4 36. Rf1 Nf2+ 37. Rxf2 Bxf2 38. Qxf2 Qxg4 39. Rg3 Qe4+ 40. Kg1 Kg7 41. Qb2+ d4 0-1

[Event "Ceske Budejovice op-B"]
[Site "Ceske Budejovice"]
[Date "2020.07.04"]
[Round "4"]
[White "Berka, Lubos"]
[Black "Kamleiter, Noah"]
[Result "1/2-1/2"]
[WhiteElo "1718"]
[BlackElo "1463"]
[PlyCount "56"]
[EventDate "2020.07.01"]
[EventType "swiss"]
[EventRounds "9"]
[EventCountry "CZE"]
[SourceTitle "CBM 197 Extra"]
[Source "ChessBase"]
[SourceDate "2020.09.30"]
[SourceVersion "1"]
[SourceVersionDate "2020.09.30"]
[SourceQuality "1"]

1. e4 c5 2. Nc3 Nc6 3. g3 g6 4. Bg2 Bg7 5. d3 d6 6. Nge2 Rb8 7. a4 a6 8. 0-0 b5 9. f4 b4 10. Nd5 e6 11. Ne3 Nge7 12. g4 f5 13. exf5 exf5 14. g5 Bb7 15. Nd5 Nxd5 16. Bxd5 Nd4 17. Bxb7 Rxb7 18. Be3 Nxe2+ 19. Qxe2 Re7 20. Rab1 0-0 21. Qf3 Rfe8 22. Bf2 Qd7 23. Rfe1 Rxe1+ 24. Bxe1 Bd4+ 25. Bf2 Bxf2+ 26. Kxf2 Qe6 27. b3 d5 28. Rd1 d4 1/2-1/2

[Event "Hradec Kralove op 10th"]
[Site "Hradec Kralove"]
[Date "2019.10.26"]
[Round "1"]
[White "Berka, Lubos"]
[Black "Chkhaidze, Nikoloz"]
[Result "0-1"]
[WhiteElo "1713"]
[BlackElo "2287"]
[PlyCount "62"]
[EventDate "2019.10.26"]
[EventType "swiss"]
[EventRounds "9"]
[EventCountry "CZE"]
[SourceTitle "CBM 193 Extra"]
[Source "ChessBase"]
[SourceDate "2020.01.31"]
[SourceVersion "1"]
[SourceVersionDate "2020.01.31"]
[SourceQuality "1"]

1. e4 c5 2. Nc3 Nc6 3. g3 g6 4. Bg2 Bg7 5. d3 d6 6. Nge2 Rb8 7. 0-0 b5 8. a3 a5 9. Rb1 b4 10. axb4 axb4 11. Nd5 e6 12. Ne3 Nge7 13. Bd2 0-0 14. f4 Nd4 15. g4 f5 16. exf5 exf5 17. g5 Bb7 18. Bxb7 Rxb7 19. c3 bxc3 20. Bxc3 Re8 21. Nc2 Qb6 22. Nexd4 cxd4 23. Bd2 Nd5 24. Qf3 Ne3 25. Qe2 Ree7 26. Nxe3 dxe3 27. Bc3 Bxc3 28. bxc3 Qxb1 29. Rxb1 Rxb1+ 30. Kg2 Rb2 31. Qxb2 e2 0-1

[Event "Hradec Kralove op 8th"]
[Site "Hradec Kralove"]
[Date "2017.10.01"]
[Round "1"]
[White "Plischki, Sebastian"]
[Black "Berka, Lubos"]
[Result "1-0"]
[WhiteElo "2397"]
[BlackElo "1719"]
[PlyCount "53"]
[EventDate "2017.10.01"]
[EventType "swiss"]
[EventRounds "9"]
[EventCountry "CZE"]
[SourceTitle "CBM 181 Extra"]
[Source "ChessBase"]
[SourceDate "2017.12.12"]
[SourceVersion "1"]
[SourceVersionDate "2017.12.12"]
[SourceQuality "1"]

1. c4 Nf6 2. Nc3 g6 3. d4 d5 4. Nf3 Bg7 5. cxd5 Nxd5 6. e4 Nxc3 7. bxc3 0-0 8. Be2 c5 9. 0-0 Nc6 10. Be3 Qa5 11. Qb3 cxd4 12. cxd4 Rd8 13. Rad1 Bg4 14. d5 Ne5 15. Qxb7 Nxf3+ 16. Bxf3 Bxf3 17. gxf3 Qxa2 18. Qxe7 Qe2 19. Kg2 Re8 20. Qh4 Re5 21. Rd2 Qb5 22. d6 Qd7 23. Rc1 Rb5 24. Qg4 f5 25. exf5 Rxf5 26. Rc7 Qe6 27. Qe4 1-0

[Event "Klatovy op-B 23rd"]
[Site "Klatovy"]
[Date "2017.07.09"]
[Round "9"]
[White "Svec, Ludek"]
[Black "Berka, Lubos"]
[Result "1-0"]
[WhiteElo "1723"]
[BlackElo "1822"]
[PlyCount "77"]
[EventDate "2017.07.01"]
[EventType "swiss"]
[EventRounds "9"]
[EventCountry "CZE"]
[SourceTitle "EXT 2018"]
[Source "ChessBase"]
[SourceDate "2017.10.13"]
[SourceVersion "1"]
[SourceVersionDate "2017.10.13"]
[SourceQuality "1"]

1. d4 Nf6 2. Nf3 g6 3. g3 Bg7 4. Bg2 0-0 5. 0-0 d5 6. c4 dxc4 7. Na3 Nc6 8. Nxc4 Rb8 9. Nce5 Nxe5 10. dxe5 Ng4 11. Bf4 Qxd1 12. Rfxd1 Bh6 13. Rac1 Bxf4 14. gxf4 c6 15. Nd4 Bd7 16. h3 Nh6 17. e4 Rbd8 18. b4 Rc8 19. Bf1 Rfd8 20. Kg2 Kf8 21. Kg3 a6 22. Kh4 e6 23. Nb3 Be8 24. Rd6 Ke7 25. Rcd1 Rxd6 26. exd6+ Kd8 27. Nc5 Bd7 28. Nxb7+ Ke8 29. Bxa6 Rb8 30. a3 f6 31. Nc5 Nf7 32. Bc4 Nd8 33. Na6 Rb7 34. Nc7+ Kf7 35. f5 Ra7 36. Rd3 gxf5 37. exf5 Rb7 38. f4 Ra7 39. Re3 1-0

[Event "Klatovy op-B 23rd"]
[Site "Klatovy"]
[Date "2017.07.01"]
[Round "1"]
[White "Jedlicka, Pavel"]
[Black "Berka, Lubos"]
[Result "1-0"]
[WhiteElo "1525"]
[BlackElo "1822"]
[PlyCount "63"]
[EventDate "2017.07.01"]
[EventType "swiss"]
[EventRounds "9"]
[EventCountry "CZE"]
[SourceTitle "EXT 2018"]
[Source "ChessBase"]
[SourceDate "2017.10.13"]
[SourceVersion "1"]
[SourceVersionDate "2017.10.13"]
[SourceQuality "1"]

1. f4 d5 2. d4 Nf6 3. e3 e6 4. Nf3 c5 5. c3 Nc6 6. Be2 cxd4 7. cxd4 Bb4+ 8. Bd2 Bxd2+ 9. Nbxd2 0-0 10. 0-0 Ng4 11. Qb3 a6 12. h3 Nf6 13. Ne5 Qd6 14. a3 Nd7 15. Bd3 f6 16. Nxc6 bxc6 17. Rac1 f5 18. Nf3 c5 19. dxc5 Nxc5 20. Qc2 Nxd3 21. Qxd3 a5 22. Rf2 Ba6 23. Qd4 Rfc8 24. Rfc2 Rxc2 25. Rxc2 Rc8 26. Rxc8+ Bxc8 27. Qa7 Qa6 28. Qe7 h6 29. Ne5 Qb7 30. Qe8+ Kh7 31. Ng6 Qa6 32. Ne7 1-0

[Event "Marianske Lazne op 16th"]
[Site "Marianske Lazne"]
[Date "2017.01.26"]
[Round "7"]
[White "Berka, Lubos"]
[Black "Tishova, Svetlana"]
[Result "0-1"]
[WhiteElo "1771"]
[BlackElo "2214"]
[PlyCount "38"]
[EventDate "2017.01.21"]
[EventType "swiss"]
[EventRounds "9"]
[EventCountry "CZE"]
[SourceTitle "CBM 176 Extra"]
[Source "ChessBase"]
[SourceDate "2017.03.02"]
[SourceVersion "1"]
[SourceVersionDate "2017.03.02"]
[SourceQuality "1"]

1. e4 c5 2. Nc3 e6 3. g3 d5 4. exd5 exd5 5. d3 Nf6 6. Bg2 d4 7. Ne4 Nxe4 8. Bxe4 Bd6 9. Ne2 Nc6 10. 0-0 Bg4 11. f3 Bc8 12. Nf4 Ne7 13. Nd5 f5 14. Nxe7 Bxe7 15. Re1 fxe4 16. Rxe4 0-0 17. Qe2 Bd6 18. g4 Bd7 19. Bd2 Bc6 0-1

[Event "Plzen op 8th"]
[Site "Plzen"]
[Date "2016.10.15"]
[Round "7"]
[White "Ruessel, Bernhard"]
[Black "Berka, Lubos"]
[Result "1/2-1/2"]
[WhiteElo "1900"]
[BlackElo "1772"]
[PlyCount "50"]
[EventDate "2016.10.09"]
[EventType "swiss"]
[EventRounds "7"]
[EventCountry "CZE"]
[SourceTitle "EXT 2017"]
[Source "ChessBase"]
[SourceDate "2016.10.25"]
[SourceVersion "1"]
[SourceVersionDate "2016.10.25"]
[SourceQuality "1"]

1. d4 Nf6 2. Nf3 g6 3. c4 Bg7 4. g3 0-0 5. Bg2 d6 6. 0-0 Nbd7 7. Nc3 e5 8. h3 exd4 9. Nxd4 Ne5 10. b3 Rb8 11. e4 Bd7 12. Be3 a6 13. f4 Nc6 14. Qd2 Nxd4 15. Bxd4 c5 16. Bf2 Qc8 17. Kh2 Rd8 18. Rad1 Bc6 19. Qc2 Qc7 20. Rfe1 b5 21. Bf1 b4 22. Nd5 Nxd5 23. cxd5 Bb5 24. Bc4 Bc3 25. Re3 Bxc4 1/2-1/2

[Event "Plzen op 8th"]
[Site "Plzen"]
[Date "2016.10.14"]
[Round "6"]
[White "Berka, Lubos"]
[Black "Malinovsky, Petr"]
[Result "1/2-1/2"]
[WhiteElo "1772"]
[BlackElo "1980"]
[PlyCount "37"]
[EventDate "2016.10.09"]
[EventType "swiss"]
[EventRounds "7"]
[EventCountry "CZE"]
[SourceTitle "EXT 2017"]
[Source "ChessBase"]
[SourceDate "2016.10.25"]
[SourceVersion "1"]
[SourceVersionDate "2016.10.25"]
[SourceQuality "1"]

1. e4 c5 2. Nc3 g6 3. g3 Bg7 4. Bg2 Nc6 5. d3 d6 6. Nge2 Nf6 7. 0-0 0-0 8. h3 Ne8 9. g4 Rb8 10. f4 Nd4 11. f5 b5 12. Ng3 b4 13. Nce2 e5 14. Rb1 Nc7 15. Be3 Ncb5 16. Qd2 Nxe2+ 17. Nxe2 Re8 18. Bh6 Bh8 19. Qf4 1/2-1/2

[Event "Plzen op 8th"]
[Site "Plzen"]
[Date "2016.10.10"]
[Round "2"]
[White "Berka, Lubos"]
[Black "Bartos, Jan"]
[Result "0-1"]
[WhiteElo "1772"]
[BlackElo "2116"]
[PlyCount "62"]
[EventDate "2016.10.09"]
[EventType "swiss"]
[EventRounds "7"]
[EventCountry "CZE"]
[SourceTitle "EXT 2017"]
[Source "ChessBase"]
[SourceDate "2016.10.25"]
[SourceVersion "1"]
[SourceVersionDate "2016.10.25"]
[SourceQuality "1"]

1. e4 c5 2. Nc3 Nc6 3. g3 g6 4. Bg2 Bg7 5. d3 d6 6. Nge2 e5 7. 0-0 Nge7 8. Be3 0-0 9. Qd2 Nd4 10. f4 Be6 11. h3 Qd7 12. g4 f5 13. exf5 gxf5 14. g5 Ng6 15. Nd5 Qf7 16. c4 Rfe8 17. Nxd4 cxd4 18. Bf2 Nxf4 19. Nxf4 exf4 20. Qxf4 Be5 21. Qh4 Qg7 22. Kh1 Kh8 23. Bf3 Rad8 24. Rg1 d5 25. c5 Bf7 26. Bh5 Bxh5 27. Qxh5 Qg6 28. Qf3 f4 29. h4 Qf5 30. b4 Rg8 31. Bg3 Qh3+ 0-1

[Event "Hradec Kralove op 7th"]
[Site "Hradec Kralove"]
[Date "2016.10.06"]
[Round "7"]
[White "Pavlicek, Petr"]
[Black "Berka, Lubos"]
[Result "1-0"]
[WhiteElo "1910"]
[BlackElo "1772"]
[PlyCount "69"]
[EventDate "2016.10.01"]
[EventType "swiss"]
[EventRounds "9"]
[EventCountry "CZE"]
[SourceTitle "EXT 2017"]
[Source "ChessBase"]
[SourceDate "2016.10.25"]
[SourceVersion "1"]
[SourceVersionDate "2016.10.25"]
[SourceQuality "1"]

1. Nf3 Nf6 2. d4 g6 3. c4 Bg7 4. Nc3 0-0 5. g3 d6 6. Bg2 c6 7. 0-0 Bg4 8. h3 Bd7 9. e4 Qc8 10. Kh2 b5 11. cxb5 cxb5 12. Bg5 b4 13. Bxf6 bxc3 14. Bxe7 cxb2 15. Rb1 Re8 16. Bxd6 Qa6 17. Bb4 Qxa2 18. Bc3 Qc4 19. Bxb2 Ba4 20. Qc1 Bc2 21. Ra1 Rc8 22. Nd2 Qb4 23. Nf3 Nd7 24. Ba3 Qc4 25. e5 Rab8 26. Qd2 Rb3 27. Qa5 Qd3 28. Qxa7 Nb6 29. Bc5 Nc4 30. Qd7 Rcb8 31. Ne1 Nxe5 32. Qd5 Ng4+ 33. hxg4 Qd2 34. Nxc2 Qxc2 35. Ra7 1-0

[Event "Klatovy op-B 22nd"]
[Site "Klatovy"]
[Date "2016.07.07"]
[Round "6"]
[White "Berka, Lubos"]
[Black "Macho, Miloslav"]
[Result "1/2-1/2"]
[WhiteElo "1787"]
[BlackElo "1675"]
[PlyCount "107"]
[EventDate "2016.07.02"]
[EventType "swiss"]
[EventRounds "9"]
[EventCountry "CZE"]
[SourceTitle "EXT 2019"]
[Source "ChessBase"]
[SourceDate "2018.10.10"]
[SourceVersion "1"]
[SourceVersionDate "2018.10.10"]
[SourceQuality "1"]

1. e4 e5 2. Nc3 Bc5 3. Bc4 d6 4. d3 Nc6 5. Nge2 Bg4 6. h3 Qh4 7. g3 Qh5 8. Qd2 Nge7 9. Qg5 Qxg5 10. Bxg5 Bf3 11. Rg1 f6 12. Be3 Nd4 13. Bxd4 exd4 14. Na4 Bb4+ 15. c3 dxc3 16. Naxc3 d5 17. exd5 Nxd5 18. Bxd5 Bxd5 19. a3 Bxc3+ 20. bxc3 0-0-0 21. f4 Be6 22. d4 Rde8 23. g4 Bc4 24. Rg2 Re3 25. Kd2 Rd3+ 26. Kc2 Rxh3 27. Ng3 Re8 28. Rh1 Rxh1 29. Nxh1 Re1 30. Rh2 h6 31. Kb2 Re4 32. Rf2 Re6 33. g5 Rb6+ 34. Kc2 hxg5 35. fxg5 fxg5 36. Rf5 Rg6 37. Ng3 g4 38. Rc5 Be6 39. Re5 Bd7 40. d5 Rh6 41. Re7 g6 42. Rf7 Bf5+ 43. Nxf5 gxf5 44. Rxf5 Rg6 45. Rf2 g3 46. Rg2 Rg5 47. Kb3 Kd7 48. c4 Kd6 49. Kb4 a5+ 50. Kb5 Rg4 51. a4 c6+ 52. dxc6 bxc6+ 53. Kb6 Rxc4 54. Rxg3 1/2-1/2

[Event "Klatovy op-B 22nd"]
[Site "Klatovy"]
[Date "2016.07.05"]
[Round "4"]
[White "Berka, Lubos"]
[Black "Soukup, Jiri1111"]
[Result "1-0"]
[WhiteElo "1787"]
[BlackElo "1591"]
[PlyCount "105"]
[EventDate "2016.07.02"]
[EventType "swiss"]
[EventRounds "9"]
[EventCountry "CZE"]
[SourceTitle "EXT 2019"]
[Source "ChessBase"]
[SourceDate "2018.10.10"]
[SourceVersion "1"]
[SourceVersionDate "2018.10.10"]
[SourceQuality "1"]

1. e4 e6 2. Nc3 d5 3. exd5 exd5 4. d4 c6 5. Nf3 Bd6 6. Bd3 Ne7 7. Bg5 f6 8. Bh4 0-0 9. Qd2 Bf5 10. Bg3 Bxd3 11. Qxd3 Re8 12. 0-0-0 a5 13. Rde1 Na6 14. Re6 Nc8 15. Rhe1 Rxe6 16. Rxe6 Nc7 17. Re3 Nb6 18. b3 a4 19. Kb1 Bb4 20. Qe2 Kf7 21. Nh4 g6 22. f4 axb3 23. cxb3 Bxc3 24. Rxc3 Nb5 25. Rd3 Qf8 26. f5 g5 27. Nf3 Re8 28. Nxg5+ fxg5 29. Qh5+ Kg8 30. Be5 Rxe5 31. Qxg5+ Qg7 32. Qxg7+ Kxg7 33. dxe5 Nd7 34. Rg3+ Kf8 35. a4 Nd4 36. Re3 Ke7 37. g4 c5 38. h4 Nc6 39. e6 Nde5 40. g5 Ng4 41. g6 hxg6 42. fxg6 Kf6 43. g7 Ne7 44. Rg3 Nh6 45. Rc3 b6 46. a5 d4 47. Rf3+ Kxe6 48. a6 Nc6 49. Rf8 d3 50. Rh8 Nb4 51. Rxh6+ Kf7 52. a7 d2 53. Rd6 1-0

[Event "Marianske Lazne op 14th"]
[Site "Marianske Lazne"]
[Date "2015.01.23"]
[Round "8"]
[White "Vacha, Jaroslav"]
[Black "Berka, Lubos"]
[Result "1-0"]
[WhiteElo "1947"]
[BlackElo "1724"]
[PlyCount "45"]
[EventDate "2015.01.17"]
[EventType "swiss"]
[EventRounds "9"]
[EventCountry "CZE"]
[SourceTitle "CBM 164 Extra"]
[Source "ChessBase"]
[SourceDate "2015.03.02"]
[SourceVersion "1"]
[SourceVersionDate "2015.03.02"]
[SourceQuality "1"]

1. e4 c6 2. d4 d5 3. exd5 cxd5 4. f4 e6 5. Bd3 Nc6 6. c3 Nf6 7. Nf3 Ne4 8. 0-0 f5 9. Bxe4 fxe4 10. Ne5 Nxe5 11. fxe5 Qe7 12. Qg4 Kd7 13. c4 Kc6 14. Bg5 Qe8 15. Nc3 b6 16. Rac1 Kb7 17. Qd1 Bb4 18. Qb3 Bxc3 19. Rxc3 Qd7 20. c5 Qc7 21. cxb6 Qxb6 22. Rf7+ Ka6 23. Qa4+ 1-0